000 00858nam a2200145Ia 4500
005 20260209120132.0
008 260209s9999||||xx |||||||||||||| ||und||
100 _aSuchithra Menon C.
245 0 _aMoving from unilateral humanitarian intervention to state obligation under international law
260 _aBangaloreBangalore
_bNLSIU
_c2013
300 _a83 p. ; 25 cm.
505 _aTABLE OF CONTENTS CERTIFICATE ; DECLARATION ; ACKNOWLEDGEMENT ; CHAPTER 1: INTRODUCTION ; CHAPTER 2: METAMORPHOSIS OF RESPONSIBILITY TO PROTECT ; CHAPTER 3 : LEGAL BACKING FOR RESPONSIBILITY TO PROTECT ; CHAPTER 4: CALL FOR THE RESPONSIBILITY TO PROTECT- A CASE STUDY ; CHAPTER 5: CONCLUSION & THE WAY FORWARD ; BIBLIOGRAPHY & REFERENCES.
700 _aProf. H.K. Nagaraja - GuideProf. H.K. Nagaraja - Guide
856 _uhttps://dans.nls.ac.in/handle/123456789/1792
999 _c217098
_d217098